Heidelberg Germany or Heidelberg Australia? - Statistics

General Stats
  • This quiz has been taken 52 times
  • The average score is 5 of 12
Answer Stats
Question Answer % Correct
Has a university Heidelberg, Germany
92%
Gave its name to a circle of poets - the Heidelberg Romantics Heidelberg, Germany
75%
Trams run through it Heidelberg, Germany
75%
Has a zoo Heidelberg, Germany
75%
Contains an Olympic Village that housed athletes during the Olympic Games Heidelberg, Australia
58%
Has a river both
42%
Gave its name to an impressionist art movement - the Heidelberg School Heidelberg, Australia
33%
Home to the country's oldest tennis club Heidelberg, Germany
25%
Birthplace of musician Jackson Browne Heidelberg, Germany
17%
Has a cathedral neither
17%
Has a hospital that began as a military hospital in WW2 both
0%
Home of the Heidelberg Project, which drives urban renewal through art neither
0%
No matching quizzes found
Score Distribution
Percent of People with Each Score
Percentile by Number Answered
Your Score History
You have not taken this quiz